| 000 | 01084nam a22002537i 4500 | ||
|---|---|---|---|
| 999 |
_c23369 _d23369 |
||
| 003 | AR-CdUCM | ||
| 008 | 250829b20192019 pe||||| |||| 00| 0 spa d | ||
| 040 |
_aMUNICIPALIDAD PROVINCIAL DEL CUSCO _cBIBLIOTECA MUNICIPAL DEL CUSCO |
||
| 041 | _hspa | ||
| 082 |
_a362.13230985 / P13P _bP13P |
||
| 100 |
_aPacheco Farfán, Juvenal _951407 |
||
| 245 | _aPerú: cuna de algunos traidores sin patria, familia y sin dignidad, identidad / | ||
| 260 |
_aCusco : _bJL Editores _c2019 |
||
| 300 |
_a310 páginas. : _bIlustraciones _c24x18 cm. |
||
| 500 | _zPáginas 309-310 | ||
| 505 | _aVisión panorámica e histórica del Perú -- Política -- Estado -- Politiqueros -- Política o politiquería en el Perú? -- Un gobernante traidor Mariano Ignacio Prado -- Traición y fuga de Agustín Belaunde -- Francisco Morales Bermúdez -- la Religión en el Perú -- prensa -- Parlamento | ||
| 650 |
_aPolítica _9291 |
||
| 650 |
_aEstado _9738 |
||
| 650 |
_aPolitiquería _951408 |
||
| 650 |
_aPrensa _919488 |
||
| 650 |
_aParlamento _96911 |
||
| 942 |
_2ddc _cLIBROS |
||
| 945 |
_apbjr _d29-08-2025 |
||